000 00330nam a2200145Ia 4500
008 090124s9999 xx 000 0 und d
082 _b303810
245 _a रास
250 _a1
260 _bकरंदीकर सुमा
_c1998
300 _a110
630 _a रास
730 _a रास
942 _cBOOK
999 _c193447
_d193447